| 000 | 03807nam a22003377i 4500 | ||
|---|---|---|---|
| 003 | DO-SdBNP | ||
| 005 | 20250127123939.0 | ||
| 007 | ta | ||
| 008 | 210326b 2017 dr 00| 0 eng d | ||
| 020 | _a9789945600971 | ||
| 040 |
_aDO-SdBNP _bspa _cBNPHU _erda |
||
| 041 | _hspa | ||
| 082 | 4 |
_a923.1 _bB663P _222 |
|
| 100 | 1 |
_aPérez Pérez, Manuel Otilio, _d1947- _eautor _978302 |
|
| 245 | 1 | 3 |
_aEl legado imperecedero de Tomás Bobadilla : _bcreador y organizador del Estado Dominicano / _c Manuel Otilio Pérez Pérez ; prólogo Julio Ramírez. |
| 264 |
_aSanto Domingo : _bSantuario, _c2017 |
||
| 300 |
_a213 páginas ; _c23 cm. |
||
| 336 |
_2rdacontent _atexto _btxt |
||
| 337 |
_2rdamedia _asin mediación _bn |
||
| 338 |
_2rdacarrier _avolumen _bnc |
||
| 500 | _aIncluye datos biográficos del autor en las solapas | ||
| 500 | _aIncluye referencias bibliográficas y notas al pie de las páginas. | ||
| 504 | _aBibliografía : p. 211-213 | ||
| 505 | 0 | _aPrólogo – Introducción -- De colonia española a colonia francesa -- De colonia francesa a colonia española -- De España boba a independencia efímera -- Independencia efímera a dominación haitiana -- Tomás Bobadilla y su movimiento separatista -- Representación de la junta popular, 8 de junio 1843, 35.-- Sánchez y Mella se aliaron a Bobadilla -- Proyecto separatista en las Matas de Farfán -- Movimiento separatista del señor Pimentel en las Matas de Farfán -- Antonio López Villanueva y Tomás Bobadilla -- Memorias de Antonio López Villanueva -- Tomás Bobadilla y Gaspar Hernández -- Del padre Gaspar Hernández al gobernador de Puerto Rico -- Tomás Bobadilla Briones: autor del manifiesto del 16 de enero de 1844 -- Trascendencia de la manifestación del 16 de enero de 1844 -- El plan Levasseur -- Bobadilla no aparece entre los firmantes del plan Levasseur. No tenía calidad. Eso era asunto de diputados constituyentes y Bobadilla no lo era -- A los amantes de la libertad -- Pro Báez -- Dominicanos afrancesados -- Carta del general J. M. Imbert a Saint Denys -- Tomás Bobadilla antiesclavista y abolicionista -- El pensamiento antiesclavista de Tomás Bobadilla y Briones -- Bobadilla y la proclamación de la República Dominicana -- Tomás Bobadilla y el 28 de febrero de 1844 -- La revolución de la independencia fue eminentemente antiesclavista -- Tomás Bobadilla Briones primer y único presidente de la junta provisional gubernativa -- Entregas de la plaza de Santo Domingo -- Bobadilla ordenador del estado dominicano -- Bobadilla y la nacionalidad dominicana -- Comunicación solicitando protección a Francia -- Tramitación de la solicitud del protectorado a Francia -- Tomás Bobadilla y los haitianos -- El Partido Pro-haitiano -- Lista de los asistentes al baluarte de el Conde, la noche del 27 de febrero y los días 28 y 29, encabezados por Bobadilla -- Bobadilla y el nombre del nuevo estado República Dominicana -- Tomás Bobadilla y el nombre del nuevo estado de República Dominicana -- Francisco Sánchez y Tomás Bobadilla Briones -- Las insubordinaciones de Francisco Sánchez -- Reiteración de la solicitud de protección de Francia -- Tomás Bobadilla Briones y La Independencia -- Francisco del Rosario Sánchez y el 27 de Febrero -- Ascensos militares. La oficialidad del ejército de Santo Domingo -- Golpe de estado del 9 de junio de 1844 -- Tercera solicitud de protección a Francia -- Miembros de la Junta Central Gubernativa -- El legado imperecedero de Tomás Bobadilla. | |
| 590 | _aInventariado, 2021 /LP | ||
| 600 |
_aBobadilla y Briones, Tomás, _983748 |
||
| 650 | 4 |
_aPolíticos dominicanos _983747 _xRepública Dominicana -- Historia, 1844-1861 |
|
| 700 | 1 |
_aRamírez, Julio, _eprólogo _978303 |
|
| 910 | _aValidado. control de Calidad/MAA | ||
| 942 |
_2ddc _cLBS1 |
||
| 999 |
_c49704 _d49704 |
||